|
|
|
|
| LEADER |
01043pam a22002778a 4500 |
| 001 |
00017466 |
| 005 |
20171026081022.0 |
| 008 |
110420s2002 ||||||Viesd |
| 041 |
0 |
# |
|a Vie
|
| 082 |
1 |
4 |
|a 808.1
|b TH460C
|
| 100 |
0 |
# |
|a Lê Anh Hiền
|
| 245 |
0 |
0 |
|a Thơ ca ngôn ngữ tác giả và tác phẩm
|c Lê Anh Hiền
|
| 260 |
# |
# |
|a H.
|b Giáo dục
|c 2002
|
| 300 |
# |
# |
|a 182 tr.
|c 21 cm.
|
| 650 |
# |
4 |
|a Ngôn ngữ
|
| 650 |
# |
4 |
|a Nghiên cứu văn học
|
| 650 |
# |
4 |
|a Thơ ca
|
| 653 |
# |
# |
|a Tiếng việt
|
| 653 |
# |
# |
|a Tác giả
|
| 653 |
# |
# |
|a Tác phẩm
|
| 653 |
# |
# |
|a Việt Nam
|
| 852 |
# |
# |
|b Kho mượn
|j KM.0012048, KM.0004296, KM.0004297, KM.0005658, KM.0005659, KM.0005660, KM.0005661, KM.0005838, KM.0007577
|
| 852 |
# |
# |
|b Kho đọc
|j KD.0002890
|
| 852 |
# |
# |
|j KD.0002890
|j KM.0005658
|j KM.0005659
|j KM.0005661
|j KM.0012048
|j KM.0004296
|j KM.0004297
|j KM.0005838
|j KM.0007577
|j KM.0005660
|
| 910 |
|
|
|d 20/04/2011
|
| 980 |
# |
# |
|a Trung tâm Học liệu Lê Vũ Hùng, Trường Đại học Đồng Tháp
|